000
00291nam a22001337a 4500
008
181018b xxu||||| |||| 00| 0 eng d
020
_a
9780801872402
041
_a
eng
080
_a
370
100
_a
48
101
_a
EDU
245
_a
Transnational Peasant
_c
Kyle.D
942
_2
udc
_c
BK
999
_c
50156
_d
50156